000 00389nam a2200157Ia 4500
005 20240823064201.0
008 240823s9999||||xx |||||||||||||| ||und||
041 _aENGLISH
082 _A620.106 P7
100 _a"Tropea,Cameron"
245 0 _aHandbook of Experimental Fluid Mechanics
260 _c2007
_bSpr
500 _aYES
650 _aFluid Mechanics
_bMechanical
942 _cNB
999 _c240099
_d240099